000 00440cam a2200181ua 4500
020 _c60.00
041 _aeng
_h
082 _a546
_bAMP/IN
100 _aAmphlett, C.B .
245 _aInorganic ion exchangers /
_cC.B.Amphlett.
_hTextual Documents
250 _a1 /
_b.
260 _aAmsterdam :
_bElsevier Publishing co. ,
_c1964.
300 _a141 ; .
365 _a60.00
504 _a
942 _cBK
999 _c1666
_d1666